Territories in the board game Diplomacy - Statistics

General Stats
  • This quiz has been taken 25 times
  • The average score is 44 of 75
Answers on the Map
Answers color-coded by a green-red scale on the quiz's map according to % correct below.
 
Answer Stats
xxx Answer % Correct
Russian Empire Finland
96%
y Greece
96%
Italy Rome
96%
y Bulgaria
91%
Ottoman Empire Constantinople
91%
y Norway
91%
y Portugal
91%
y Spain
91%
y Sweden
91%
y Belgium
87%
y Rumania
87%
y Serbia
87%
y Tunis
87%
Russian Empire Ukraine
87%
y Albania
83%
Russian Empire Moscow
83%
z North sea
83%
z Baltic sea
78%
z Black sea
78%
y Denmark
78%
France Paris
78%
z Adriatic sea
74%
German Empire Berlin
74%
z English Channel
74%
Italy Naples
74%
Austria-Hungary Vienna
74%
Ottoman Empire Ankara
70%
z Irish sea
70%
United Kingdom London
70%
German Empire Silesia
70%
Italy Venice
70%
Austria-Hungary Bohemia
65%
German Empire Prussia
65%
Russian Empire Saint Petersburg
65%
Ottoman Empire Syria
65%
z Aegean sea
61%
y Holland
61%
z Ionian sea
61%
German Empire Munich
61%
Russian Empire Warsaw
61%
Ottoman Empire Armenia
57%
Austria-Hungary Budapest
57%
United Kingdom Edinburgh
57%
z Gulf of Bothnia
57%
United Kingdom Liverpool
52%
Italy Tuscany
52%
z Tyrrhenian Sea
52%
United Kingdom Wales
52%
Austria-Hungary Galicia
48%
France Marseille
48%
z North Atlantic ocean
48%
Italy Piedmont
48%
Austria-Hungary Tyrol
48%
y North Africa
39%
z Norwegian sea
39%
United Kingdom Yorkshire
39%
France Burgundy
35%
z Gulf of Lyon
35%
France Brest
30%
France Gascony
30%
German Empire Ruhr
30%
Italy Apulia
26%
z Eastern Mediterranean
26%
z Mid Atlantic ocean
26%
Russian Empire Sevastopol
26%
Austria-Hungary Trieste
26%
z Western Mediterranean
26%
German Empire Kiel
22%
Russian Empire Livonia
22%
z Skagerrack
22%
Ottoman Empire Smyrna
22%
z Heligoland bight
17%
France Picardy
17%
United Kingdom Clyde
13%
z Barents sea
9%
No matching quizzes found
Score Distribution
Percent of People with Each Score
Percentile by Number Answered
Your Score History
You have not taken this quiz